000
00338nam a2200133Ia 4500
008
240624s9999 xx 000 0 und d
041
_a
eng
082
_a
658.4092 COH
100
_a
COHAN PETER S
245
_a
VALUE LEADERSHIP THE 7 PRINCIPLES THAT D
260
_c
2008
_a
New Delhi
_b
Wiley India
300
_a
320 : p.
365
_c
RS
_b
33.33
999
_c
9217
_d
9217